| 000 | 01208cam a22002775i 4500 | ||
|---|---|---|---|
| 999 |
_c12640 _d12640 |
||
| 003 | EG-ScBUE | ||
| 005 | 20200113130114.0 | ||
| 008 | 090820s1998 ua f 000 i ara d | ||
| 020 | _a9770157252 | ||
| 040 |
_aEG-ScBUE _bara _erda _cEG-ScBUE _dEG-ScBUE |
||
| 082 | 0 | 4 |
_a892.7634 _bج ا ح _222 |
| 100 | 0 |
_aجاحظ، عمرو بن بحر، _d767-869، _eمؤلف. |
|
| 245 | 1 | 2 |
_aالمختار من رسائل الجاحظ : _bالحنين إلى الأوطان - الأوطان والبلدان / _cتحقيق وشرح عبد السلام هارون. |
| 264 | 1 |
_a[القاهرة] : _bالهيئة المصرية العامة للكتاب، _c1998. |
|
| 300 |
_a86 صفحة ؛ _c20 سم. |
||
| 336 |
_2rdacontent _aنص _btxt |
||
| 337 |
_2rdamedia _aبدون وسيط _bn |
||
| 338 |
_2rdacarrier _aمجلد _bnc |
||
| 490 | 0 |
_aمهرجان القراءة للجميع. _aمكتبة الأسرة. _aالتراث |
|
| 590 | _arana gobara | ||
| 650 | 7 |
_aالرسائل العربية _xتاريخ _yالعصر العباسي. _2BUEsh _98553 |
|
| 653 |
_bHHUUEENN _cJuly2019 |
||
| 655 | _vReading book | ||
| 700 | 1 |
_aهارون، عبد السلام محمد، _d1909-1988، _eمحقق. |
|
| 942 |
_2ddc _cBB |
||